Hajduk Split Squad 2023/24 - Statistics

General Stats
  • This quiz has been taken 137 times
  • The average score is 25 of 32
Answer Stats
Position Nationality Number Player % Correct
Centre-Forward Croatia 10 Marko Livaja
99%
Goalkeeper Austria 13 Ivan Lučić
98%
Goalkeeper Croatia 91 Lovre Kalinić
98%
Centre-Forward Croatia 9 Nikola Kalinić
98%
Left-Back Ivory Coast 5 Ismael Diallo
97%
Central Midfield USA 21 Rokas Pukštas
95%
Attacking Midfield Australia 7 Anthony Kalik
93%
Left Winger Kosovo 77 Emir Sahiti
91%
Attacking Midfield Croatia 23 Filip Krovinović
91%
Left-Back Croatia 17 Dario Melnjak
90%
Left Winger North Macedonia 27 Aleksandar Trajkovski
89%
Left Winger Croatia 4 Ivan Perišić
87%
Centre-Back Croatia 25 Filip Uremović
86%
Centre-Back Croatia 31 Zvonimir Šarlija
86%
Right-Back Morroco 18 Fahd Moufi
85%
Attacking Midfield Morroco 11 Yassine Benrahou
83%
Centre-Back Portugal 4 Ferro
82%
Left-Back Croatia 32 Šimun Hrgović
80%
Central Midfield Belgium 8 Vadis Odjidja-Ofoe
80%
Second Striker Germany 22 Leon Dajaku
76%
Defensive Midfield Croatia 20 Niko Sigur
76%
Centre-Back Croatia 3 Dominik Prpić
74%
Goalkeeper Croatia 40 Borna Buljan
72%
Centre-Back Croatia 19 Josip Elez
72%
Defensive Midfield Croatia 6 Mihael Žaper
70%
Attacking Midfield Hungary 30 Laszlo Kleinheisler
69%
Right-Back Croatia 24 Dino Mikanović
68%
Left Winger Croatia 70 Josip Brekalo
66%
Centre-Forward Bosnia and Herzegovina 99 Filip Čuić
65%
Right Winger Croatia 28 Roko Brajković
58%
Attacking Midfield Croatia 80 Ivan Ćubelić
37%
Centre-Back Croatia 34 Mateo Jurić-Petrašilo
33%
No matching quizzes found
Score Distribution
Percent of People with Each Score
Percentile by Number Answered
Your Score History
You have not taken this quiz